[Event "DSJ Weihnachtsturnier U20w 2020"]
[Site "https://play.chessbase.com/en/play?room=DSJWeihnachtU20w"]
[Date "2020.12.29"]
[Round "2"]
[White "Ciolacu, Alessia-Mihaela"]
[Black "Zhou, Lepu Coco"]
[Result "1-0"]
[Termination "normal"]
[Board "3.1"]
[WhiteTitle "WFM"]
[WhiteElo "2052"]
[BlackElo "1882"]
[WhiteTeam "Schachverein Hemer 1932"]
[BlackTeam "SC Weisse Dame"]
[PlyCount "35"]
[WhiteFideId "1252640"]
[BlackFideId "16217136"]
[EventRounds "7"]
[EventType "team-swiss"]
[EventDate "2020.12.29"]

1. d4 {[%emt 0:00:01]} d5 {[%emt 0:00:30]} 2. c4 {[%emt 0:00:02]} dxc4 { [%emt
0:00:20]} 3. e4 {[%emt 0:00:03]} e5 {[%emt 0:00:07]} 4. Nf3 {[%emt 0:00: 23]}
Bg4 {[%emt 0:00:56]} 5. Bxc4 {[%emt 0:00:03]} Nf6 {[%emt 0:00:46]} 6. Bxf7+
{[%emt 0:00:39]} Kxf7 {[%emt 0:00:25]} 7. Nxe5+ {[%emt 0:00:02]} Ke8 { [%emt
0:00:11]} 8. Nxg4 {[%emt 0:00:07]} Nxe4 {[%emt 0:00:24]} 9. O-O {[%emt 0:
00:04]} Be7 {[%emt 0:00:28]} 10. Re1 {[%emt 0:00:22]} Nf6 {[%emt 0:00:07]} 11.
Nxf6+ {[%emt 0:00:09]} gxf6 {[%emt 0:00:02]} 12. Qh5+ {[%emt 0:00:09]} Kd7 {
[%emt 0:00:48]} 13. Qf5+ {[%emt 0:00:02]} Kc6 {[%emt 0:00:06]} 14. Nc3 { [%emt
0:00:04]} b6 {[%emt 0:00:27]} 15. Qe4+ {[%emt 0:00:09]} Kd7 {[%emt 0:00: 06]}
16. Qe6+ {[%emt 0:00:19]} Ke8 {[%emt 0:00:10]} 17. Nd5 {[%emt 0:00:01]} Rf8
{[%emt 0:01:46]} 18. Nxe7 {[%emt 0:01:21] WeisseD2-001 gibt auf} 1-0

[Event "DSJ Weihnachtsturnier U20w 2020"]
[Site "https://play.chessbase.com/en/play?room=DSJWeihnachtU20w"]
[Date "2020.12.29"]
[Round "2"]
[White "Fayngold, Sophie"]
[Black "Ricken, Katharina"]
[Result "0-1"]
[Termination "normal"]
[Board "3.2"]
[BlackTitle "WCM"]
[WhiteElo "1222"]
[BlackElo "2030"]
[WhiteTeam "SC Weisse Dame"]
[BlackTeam "Schachverein Hemer 1932"]
[PlyCount "110"]
[WhiteFideId "16244761"]
[BlackFideId "16207017"]
[EventRounds "7"]
[EventType "team-swiss"]
[EventDate "2020.12.29"]

1. e4 {[%emt 0:01:38]} e6 {[%emt 0:00:03]} 2. c4 {[%emt 0:00:04]} d5 {[%emt 0:
00:01]} 3. cxd5 {[%emt 0:00:02]} exd5 {[%emt 0:00:00]} 4. Qb3 {[%emt 0:00:03]}
dxe4 {[%emt 0:00:10]} 5. Bc4 {[%emt 0:00:04]} Qe7 {[%emt 0:00:23]} 6. Nc3 {
[%emt 0:00:44]} Nf6 {[%emt 0:00:19]} 7. d3 {[%emt 0:01:23]} exd3+ {[%emt 0:00:
08]} 8. Be3 {[%emt 0:00:05]} Nbd7 {[%emt 0:00:26]} 9. Nf3 {[%emt 0:00:16]} Nc5
{[%emt 0:00:09]} 10. Qb4 {[%emt 0:01:29]} a5 {[%emt 0:01:05]} 11. Qa3 {[%emt 0:
00:34]} Be6 {[%emt 0:00:16]} 12. Bxe6 {[%emt 0:00:54]} Qxe6 {[%emt 0:00:27]}
13. O-O {[%emt 0:00:48]} Qc4 {[%emt 0:00:20]} 14. Bxc5 {[%emt 0:00:16]} Bxc5 {
[%emt 0:00:10]} 15. Rfe1+ {[%emt 0:00:13]} Kf8 {[%emt 0:00:02]} 16. Ne5 { [%emt
0:00:28]} Bxa3 {[%emt 0:00:15]} 17. Nxc4 {[%emt 0:00:07]} Bb4 {[%emt 0: 00:03]}
18. Rad1 {[%emt 0:00:21]} Rd8 {[%emt 0:00:12]} 19. Ne5 {[%emt 0:00:08]} g6
{[%emt 0:00:13]} 20. Nxd3 {[%emt 0:00:03]} Kg7 {[%emt 0:00:09]} 21. Nxb4 {
[%emt 0:00:02]} axb4 {[%emt 0:00:00]} 22. Nb5 {[%emt 0:00:03]} c6 {[%emt 0:00:
15]} 23. Nd4 {[%emt 0:00:02]} Rd5 {[%emt 0:00:11]} 24. Nf3 {[%emt 0:00:01]}
Rhd8 {[%emt 0:00:09]} 25. Rxd5 {[%emt 0:00:04]} Nxd5 {[%emt 0:00:10]} 26. h3 {
[%emt 0:00:01]} Ra8 {[%emt 0:00:13]} 27. Ra1 {[%emt 0:00:05]} Kf6 {[%emt 0:00:
09]} 28. a3 {[%emt 0:00:02]} Ke7 {[%emt 0:00:13]} 29. Ne5 {[%emt 0:00:08]} f6 {
[%emt 0:00:10]} 30. Nd3 {[%emt 0:00:04]} Kd6 {[%emt 0:00:10]} 31. Ra2 {[%emt 0:
00:06]} c5 {[%emt 0:00:10]} 32. Nc1 {[%emt 0:00:03]} bxa3 {[%emt 0:00:18]} 33.
bxa3 {[%emt 0:00:11]} b5 {[%emt 0:00:03]} 34. Nd3 {[%emt 0:00:02]} c4 {[%emt 0:
00:05]} 35. Nc1 {[%emt 0:00:05]} Kc5 {[%emt 0:00:18]} 36. Ra1 {[%emt 0:00:04]}
Kd4 {[%emt 0:00:08]} 37. Kf1 {[%emt 0:00:04]} Kc3 {[%emt 0:00:11]} 38. Ra2 {
[%emt 0:00:06]} b4 {[%emt 0:00:15]} 39. axb4 {[%emt 0:00:02]} Rxa2 {[%emt 0:00:
08]} 40. Nxa2+ {[%emt 0:00:01]} Kb2 {[%emt 0:00:07]} 41. b5 {[%emt 0:00:08]}
Kxa2 {[%emt 0:00:03]} 42. b6 {[%emt 0:00:03]} Nxb6 {[%emt 0:00:02]} 43. Ke2 {
[%emt 0:00:01]} Kb2 {[%emt 0:00:03]} 44. Ke3 {[%emt 0:00:01]} c3 {[%emt 0:00:
01]} 45. Kd4 {[%emt 0:00:01]} c2 {[%emt 0:00:00]} 46. Kc5 {[%emt 0:00:02]}
c1=Q+ {[%emt 0:00:00]} 47. Kxb6 {[%emt 0:00:01]} Qc4 {[%emt 0:00:01]} 48. Ka5 {
[%emt 0:00:02]} Qb3 {[%emt 0:00:01]} 49. Ka6 {[%emt 0:00:01]} Qb4 {[%emt 0:00:
01]} 50. Ka7 {[%emt 0:00:02]} Qb5 {[%emt 0:00:01]} 51. Ka8 {[%emt 0:00:02]} Kc3
{[%emt 0:00:00]} 52. Ka7 {[%emt 0:00:01]} Kc4 {[%emt 0:00:00]} 53. Ka8 { [%emt
0:00:00]} Kc5 {[%emt 0:00:00]} 54. Ka7 {[%emt 0:00:00]} Kc6 {[%emt 0:00: 00]}
55. Ka8 {[%emt 0:00:00]} Qb7# {[%emt 0:00:01]} 0-1

[Event "DSJ Weihnachtsturnier U20w 2020"]
[Site "https://play.chessbase.com/en/play?room=DSJWeihnachtU20w"]
[Date "2020.12.29"]
[Round "2"]
[White "Becker, Linda"]
[Black "Schülke, Rosalie"]
[Result "1-0"]
[Termination "normal"]
[Board "3.3"]
[WhiteElo "1763"]
[BlackElo "1407"]
[WhiteTeam "Schachverein Hemer 1932"]
[BlackTeam "SC Weisse Dame"]
[PlyCount "71"]
[WhiteFideId "16244753"]
[BlackFideId "16287436"]
[EventRounds "7"]
[EventType "team-swiss"]
[EventDate "2020.12.29"]

1. e4 {[%emt 0:00:04]} e6 {[%emt 0:01:22]} 2. d4 {[%emt 0:00:04]} d5 {[%emt 0:
00:06]} 3. exd5 {[%emt 0:00:01]} exd5 {[%emt 0:00:05]} 4. c4 {[%emt 0:00:03]}
Nf6 {[%emt 0:00:05]} 5. Nf3 {[%emt 0:00:03]} c6 {[%emt 0:00:03]} 6. Bd3 { [%emt
0:00:05]} Bd6 {[%emt 0:00:09]} 7. O-O {[%emt 0:00:03]} O-O {[%emt 0:00: 02]} 8.
h3 {[%emt 0:00:07]} Nbd7 {[%emt 0:00:05]} 9. Nc3 {[%emt 0:00:04]} dxc4 {[%emt
0:00:11]} 10. Bxc4 {[%emt 0:00:03]} Nb6 {[%emt 0:00:02]} 11. Bd3 { [%emt
0:00:04]} Re8 {[%emt 0:00:09]} 12. Bg5 {[%emt 0:00:05]} h6 {[%emt 0:00: 06]}
13. Be3 {[%emt 0:00:19]} Be6 {[%emt 0:00:11]} 14. Rc1 {[%emt 0:00:07]} Qc7
{[%emt 0:00:12]} 15. Nb5 {[%emt 0:00:11]} Qd7 {[%emt 0:00:16]} 16. Nxd6 { [%emt
0:00:03]} Qxd6 {[%emt 0:00:02]} 17. Bb1 {[%emt 0:00:12]} Nfd5 {[%emt 0: 00:28]}
18. Qd3 {[%emt 0:00:11]} Nf6 {[%emt 0:00:28]} 19. Ne5 {[%emt 0:00:16]} Rad8
{[%emt 0:00:42]} 20. Rfd1 {[%emt 0:00:10]} Bd5 {[%emt 0:00:35]} 21. Bf4 { [%emt
0:00:17]} Qe6 {[%emt 0:00:20]} 22. Re1 {[%emt 0:00:17]} Bxa2 {[%emt 0:00: 29]}
23. Nf3 {[%emt 0:01:03]} Qd5 {[%emt 0:00:32]} 24. Rxe8+ {[%emt 0:01:04]} Rxe8
{[%emt 0:00:06]} 25. Rc5 {[%emt 0:00:04]} Bxb1 {[%emt 0:00:38]} 26. Qxb1 {
[%emt 0:00:06]} Qb3 {[%emt 0:00:37]} 27. Rc3 {[%emt 0:00:09]} Qb4 {[%emt 0:00:
07]} 28. Be5 {[%emt 0:00:36]} Ne4 {[%emt 0:00:06]} 29. Qxe4 {[%emt 0:00:11]} f6
{[%emt 0:00:14]} 30. Qg6 {[%emt 0:00:09]} fxe5 {[%emt 0:00:07]} 31. Qxe8+ {
[%emt 0:00:03]} Kh7 {[%emt 0:00:03]} 32. Qxe5 {[%emt 0:00:03]} Qxb2 {[%emt 0:
00:04]} 33. Re3 {[%emt 0:00:10]} Qa1+ {[%emt 0:00:09]} 34. Re1 {[%emt 0:00:07]}
Qc3 {[%emt 0:00:06]} 35. Qf5+ {[%emt 0:00:03]} Kh8 {[%emt 0:00:07]} 36. Re8# {
[%emt 0:00:04]} 1-0

[Event "DSJ Weihnachtsturnier U20w 2020"]
[Site "https://play.chessbase.com/en/play?room=DSJWeihnachtU20w"]
[Date "2020.12.29"]
[Round "2"]
[White "Bauer, Sophia"]
[Black "Dartmann Aubanell, Catriona"]
[Result "0-1"]
[Termination "normal"]
[Board "3.4"]
[WhiteElo "1048"]
[BlackElo "1820"]
[WhiteTeam "SC Weisse Dame"]
[BlackTeam "Schachverein Hemer 1932"]
[PlyCount "66"]
[WhiteFideId "34620583"]
[BlackFideId "24585270"]
[EventRounds "7"]
[EventType "team-swiss"]
[EventDate "2020.12.29"]

1. e4 {[%emt 0:01:23]} e6 {[%emt 0:00:05]} 2. Nf3 {[%emt 0:00:07]} d5 {[%emt 0:
00:03]} 3. exd5 {[%emt 0:00:08]} exd5 {[%emt 0:00:04]} 4. Nc3 {[%emt 0:00:03]}
Nf6 {[%emt 0:00:50]} 5. d4 {[%emt 0:00:16]} Bf5 {[%emt 0:00:17]} 6. Bd3 { [%emt
0:00:29]} Bxd3 {[%emt 0:00:12]} 7. Qxd3 {[%emt 0:00:09]} Bd6 {[%emt 0:00: 19]}
8. O-O {[%emt 0:00:11]} O-O {[%emt 0:00:05]} 9. Bg5 {[%emt 0:00:15]} c6 { [%emt
0:00:12]} 10. Rfe1 {[%emt 0:00:50]} Nbd7 {[%emt 0:00:31]} 11. Ne5 { [%emt
0:00:54]} Qc7 {[%emt 0:00:40]} 12. Bxf6 {[%emt 0:01:18]} Nxf6 {[%emt 0: 00:14]}
13. Qg3 {[%emt 0:00:22]} Rae8 {[%emt 0:00:39]} 14. Qg5 {[%emt 0:00:24]} h6
{[%emt 0:01:30]} 15. Qf5 {[%emt 0:00:20]} Re6 {[%emt 0:00:41]} 16. Re2 { [%emt
0:00:32]} Qb6 {[%emt 0:01:02]} 17. Rd1 {[%emt 0:00:47]} Qxb2 {[%emt 0:00: 38]}
18. Rd3 {[%emt 0:00:16]} Bb4 {[%emt 0:00:52]} 19. Nd1 {[%emt 0:00:28]} Qxa2
{[%emt 0:00:08]} 20. Rde3 {[%emt 0:00:15]} Qa1 {[%emt 0:00:21]} 21. Re1 { [%emt
0:00:16]} Bxe1 {[%emt 0:00:03]} 22. Rxe1 {[%emt 0:00:03]} Qxd4 {[%emt 0:
00:16]} 23. h3 {[%emt 0:00:13]} Rfe8 {[%emt 0:00:05]} 24. Nf3 {[%emt 0:00:27]}
Rxe1+ {[%emt 0:00:04]} 25. Nxe1 {[%emt 0:00:01]} Re6 {[%emt 0:00:06]} 26. Kh2 {
[%emt 0:00:16]} Qxd1 {[%emt 0:00:16]} 27. Nf3 {[%emt 0:00:02]} Qxc2 {[%emt 0:
00:02]} 28. g3 {[%emt 0:00:03]} Qxf5 {[%emt 0:00:02]} 29. Kg2 {[%emt 0:00:01]}
Qc2 {[%emt 0:00:09]} 30. Kh2 {[%emt 0:00:01]} Qxf2+ {[%emt 0:00:03]} 31. Kh1 {
[%emt 0:00:02]} Qxf3+ {[%emt 0:00:06]} 32. Kg1 {[%emt 0:00:01]} Re1+ {[%emt 0:
00:03]} 33. Kh2 {[%emt 0:00:02]} Rh1# {[%emt 0:00:04]} 0-1

[Event "DSJ Weihnachtsturnier U20w 2020"]
[Site "https://play.chessbase.com/en/play?room=DSJWeihnachtU20w"]
[Date "2020.12.29"]
[Round "2"]
[White "Ley, Sabrina"]
[Black "Dietz, Kristin"]
[Result "0-1"]
[Termination "normal"]
[Board "4.1"]
[WhiteElo "1866"]
[BlackElo "1911"]
[WhiteTeam "SC Landskrone"]
[BlackTeam "USV Halle"]
[PlyCount "88"]
[WhiteFideId "12938130"]
[BlackFideId "12993743"]
[EventRounds "7"]
[EventType "team-swiss"]
[EventDate "2020.12.29"]

1. e4 {[%emt 0:00:06]} c5 {[%emt 0:00:25]} 2. Nc3 {[%emt 0:00:04]} e6 {[%emt 0:
00:03]} 3. Nge2 {[%emt 0:00:19]} d6 {[%emt 0:00:42]} 4. f4 {[%emt 0:00:49]} Nc6
{[%emt 0:00:06]} 5. d3 {[%emt 0:00:44]} g6 {[%emt 0:00:06]} 6. g3 {[%emt 0:00:
10]} Bg7 {[%emt 0:00:02]} 7. Bg2 {[%emt 0:00:03]} Nge7 {[%emt 0:00:06]} 8. O-O
{[%emt 0:00:02]} O-O {[%emt 0:00:03]} 9. Qe1 {[%emt 0:00:12]} Nd4 {[%emt 0:00:
04]} 10. Nxd4 {[%emt 0:00:14]} cxd4 {[%emt 0:00:07]} 11. Ne2 {[%emt 0:00:12]}
Rb8 {[%emt 0:00:03]} 12. g4 {[%emt 0:00:22]} f5 {[%emt 0:00:05]} 13. g5 { [%emt
0:00:41]} b5 {[%emt 0:00:42]} 14. Ng3 {[%emt 0:01:15]} Qc7 {[%emt 0:00: 28]}
15. Rf2 {[%emt 0:00:36]} Bb7 {[%emt 0:00:15]} 16. h4 {[%emt 0:00:11]} e5 {
[%emt 0:00:24]} 17. exf5 {[%emt 0:01:05]} Nxf5 {[%emt 0:00:04]} 18. Nxf5 {
[%emt 0:00:04]} Rxf5 {[%emt 0:00:05]} 19. Bh3 {[%emt 0:00:17]} Rf7 {[%emt 0:00:
06]} 20. Be6 {[%emt 0:00:23]} Rbf8 {[%emt 0:00:08]} 21. f5 {[%emt 0:00:10]} Kh8
{[%emt 0:00:05]} 22. Bxf7 {[%emt 0:00:04]} Rxf7 {[%emt 0:00:11]} 23. f6 { [%emt
0:00:02]} Bf8 {[%emt 0:00:02]} 24. Bd2 {[%emt 0:00:13]} d5 {[%emt 0:00: 18]}
25. c3 {[%emt 0:00:10]} dxc3 {[%emt 0:00:03]} 26. Bxc3 {[%emt 0:00:07]} Bc5
{[%emt 0:00:04]} 27. d4 {[%emt 0:00:07]} exd4 {[%emt 0:00:08]} 28. Bxd4 { [%emt
0:00:14]} Qg3+ {[%emt 0:00:04]} 29. Kf1 {[%emt 0:00:42]} Qd3+ {[%emt 0: 00:09]}
30. Qe2 {[%emt 0:00:18]} Qxd4 {[%emt 0:00:16]} 31. Rd1 {[%emt 0:00:36]} Qxf2+
{[%emt 0:00:04]} 32. Qxf2 {[%emt 0:00:02]} Bxf2 {[%emt 0:00:02]} 33. Kxf2
{[%emt 0:00:00]} h6 {[%emt 0:00:02]} 34. Re1 {[%emt 0:00:03]} Bc6 {[%emt 0:00:
20]} 35. Re7 {[%emt 0:00:25]} Rxe7 {[%emt 0:00:03]} 36. fxe7 {[%emt 0:00:02]}
Kg7 {[%emt 0:00:01]} 37. gxh6+ {[%emt 0:00:07]} Kxh6 {[%emt 0:00:02]} 38. Kg3 {
[%emt 0:00:00]} Kg7 {[%emt 0:00:01]} 39. Kf4 {[%emt 0:00:00]} Kf7 {[%emt 0:00:
02]} 40. Kg5 {[%emt 0:00:00]} Kxe7 {[%emt 0:00:03]} 41. Kxg6 {[%emt 0:00:02]}
d4 {[%emt 0:00:02]} 42. Kg7 {[%emt 0:00:03]} d3 {[%emt 0:00:01]} 43. h5 { [%emt
0:00:01]} d2 {[%emt 0:00:01]} 44. h6 {[%emt 0:00:00]} Be4 {[%emt 0:00:03] } 0-1

[Event "DSJ Weihnachtsturnier U20w 2020"]
[Site "https://play.chessbase.com/en/play?room=DSJWeihnachtU20w"]
[Date "2020.12.29"]
[Round "2"]
[White "Voigt, Anastasia"]
[Black "Kalina, Lena"]
[Result "1/2-1/2"]
[Termination "normal"]
[Board "4.2"]
[WhiteElo "1738"]
[BlackElo "1585"]
[WhiteTeam "USV Halle"]
[BlackTeam "SC Landskrone"]
[PlyCount "138"]
[WhiteFideId "16235223"]
[BlackFideId "12988014"]
[EventRounds "7"]
[EventType "team-swiss"]
[EventDate "2020.12.29"]

1. e4 {[%emt 0:00:04]} c5 {[%emt 0:00:02]} 2. Nf3 {[%emt 0:00:02]} Nc6 { [%emt
0:00:02]} 3. d4 {[%emt 0:00:03]} cxd4 {[%emt 0:00:02]} 4. Nxd4 {[%emt 0:
00:01]} g6 {[%emt 0:00:02]} 5. Nc3 {[%emt 0:00:09]} Bg7 {[%emt 0:00:04]} 6. Be3
{[%emt 0:00:04]} Nf6 {[%emt 0:00:03]} 7. Bc4 {[%emt 0:00:05]} O-O {[%emt 0:00:
02]} 8. Bb3 {[%emt 0:00:03]} Qa5 {[%emt 0:00:17]} 9. f3 {[%emt 0:00:22]} d6 {
[%emt 0:00:18]} 10. Qd2 {[%emt 0:00:05]} Bd7 {[%emt 0:00:40]} 11. O-O-O { [%emt
0:00:10]} Rac8 {[%emt 0:00:22]} 12. Kb1 {[%emt 0:00:07]} a6 {[%emt 0:00: 21]}
13. g4 {[%emt 0:00:29]} b5 {[%emt 0:00:05]} 14. h4 {[%emt 0:00:20]} b4 { [%emt
0:00:10]} 15. Nce2 {[%emt 0:00:26]} Nxd4 {[%emt 0:00:44]} 16. Nxd4 { [%emt
0:00:10]} Ba4 {[%emt 0:00:04]} 17. Bh6 {[%emt 0:00:11]} Bxb3 {[%emt 0:00: 05]}
18. Nxb3 {[%emt 0:00:10]} Qb5 {[%emt 0:00:18]} 19. Bxg7 {[%emt 0:00:04]} Kxg7
{[%emt 0:00:02]} 20. Qg2 {[%emt 0:00:46]} h5 {[%emt 0:00:10]} 21. gxh5 { [%emt
0:00:08]} Nxh5 {[%emt 0:00:15]} 22. Rd5 {[%emt 0:00:20]} Nf4 {[%emt 0:00: 34]}
23. Rxb5 {[%emt 0:00:15]} Nxg2 {[%emt 0:00:02]} 24. Rxb4 {[%emt 0:00:11]} Ne3
{[%emt 0:00:16]} 25. c3 {[%emt 0:00:15]} Nc4 {[%emt 0:00:20]} 26. Rb7 { [%emt
0:00:24]} e6 {[%emt 0:00:20]} 27. Kc1 {[%emt 0:00:18]} Rb8 {[%emt 0:00: 05]}
28. Rb4 {[%emt 0:00:32]} Rfc8 {[%emt 0:00:17]} 29. Rxb8 {[%emt 0:00:51]} Rxb8
{[%emt 0:00:02]} 30. Rh2 {[%emt 0:00:06]} a5 {[%emt 0:00:06]} 31. Nd4 { [%emt
0:00:16]} Rc8 {[%emt 0:00:44]} 32. b3 {[%emt 0:00:21]} Ne5 {[%emt 0:00: 02]}
33. Kd2 {[%emt 0:00:22]} Nc6 {[%emt 0:00:32]} 34. Nxc6 {[%emt 0:00:05]} Rxc6
{[%emt 0:00:02]} 35. h5 {[%emt 0:00:11]} Rc5 {[%emt 0:00:26]} 36. hxg6 { [%emt
0:00:09]} fxg6 {[%emt 0:00:02]} 37. Rg2 {[%emt 0:00:03]} Kf6 {[%emt 0:00: 09]}
38. f4 {[%emt 0:00:10]} Rb5 {[%emt 0:00:21]} 39. Kc2 {[%emt 0:00:05]} e5 {
[%emt 0:00:30]} 40. fxe5+ {[%emt 0:00:23]} Rxe5 {[%emt 0:00:03]} 41. Re2 {
[%emt 0:00:02]} Rb5 {[%emt 0:00:07]} 42. a3 {[%emt 0:00:03]} g5 {[%emt 0:00:05]
} 43. b4 {[%emt 0:00:04]} g4 {[%emt 0:00:24]} 44. a4 {[%emt 0:00:09]} Rb8 {
[%emt 0:00:09]} 45. b5 {[%emt 0:00:06]} Rc8 {[%emt 0:00:04]} 46. Kd3 {[%emt 0:
00:04]} Ke5 {[%emt 0:00:03]} 47. b6 {[%emt 0:00:29]} Rb8 {[%emt 0:00:08]} 48.
Rb2 {[%emt 0:00:11]} Kf4 {[%emt 0:00:21]} 49. Kd4 {[%emt 0:00:17]} Kf3 { [%emt
0:00:06]} 50. c4 {[%emt 0:00:13]} g3 {[%emt 0:00:04]} 51. Rb3+ {[%emt 0:
00:07]} Kg4 {[%emt 0:00:05]} 52. Ke3 {[%emt 0:00:10]} Rb7 {[%emt 0:00:13]} 53.
Rb2 {[%emt 0:00:15]} Rb8 {[%emt 0:00:04]} 54. b7 {[%emt 0:00:04]} Kh4 {[%emt 0:
00:10]} 55. Kf3 {[%emt 0:00:16]} Rf8+ {[%emt 0:00:04]} 56. Ke3 {[%emt 0:00:02]}
Rb8 {[%emt 0:00:03]} 57. Kf3 {[%emt 0:00:02]} Rf8+ {[%emt 0:00:02]} 58. Kg2 {
[%emt 0:00:01]} Rb8 {[%emt 0:00:03]} 59. Rb3 {[%emt 0:00:01]} Kh5 {[%emt 0:00:
12]} 60. Rb5+ {[%emt 0:00:01]} Kg4 {[%emt 0:00:02]} 61. Rb3 {[%emt 0:00:02]}
Kf4 {[%emt 0:00:02]} 62. Rxg3 {[%emt 0:00:02]} Rxb7 {[%emt 0:00:03]} 63. Rg6 {
[%emt 0:00:02]} Kxe4 {[%emt 0:00:10]} 64. Rxd6 {[%emt 0:00:01]} Rb4 {[%emt 0:
00:09]} 65. Ra6 {[%emt 0:00:02]} Rxa4 {[%emt 0:00:01]} 66. c5 {[%emt 0:00:01]}
Kd5 {[%emt 0:00:07]} 67. c6 {[%emt 0:00:02]} Rc4 {[%emt 0:00:02]} 68. Rxa5+ {
[%emt 0:00:02]} Kxc6 {[%emt 0:00:02]} 69. Ra8 {[%emt 0:00:01]} Rb4 {[%emt 0:00:
05] Landskr1-002 bietet Remis Arbiter Decision (Draw by material), result=1}
1/2-1/2

[Event "DSJ Weihnachtsturnier U20w 2020"]
[Site "https://play.chessbase.com/en/play?room=DSJWeihnachtU20w"]
[Date "2020.12.29"]
[Round "2"]
[White "Fritsch, Lea"]
[Black "Hartmann, Hannah"]
[Result "1-0"]
[Termination "normal"]
[Board "4.4"]
[WhiteElo "1644"]
[BlackElo "1327"]
[WhiteTeam "USV Halle"]
[BlackTeam "SC Landskrone"]
[PlyCount "81"]
[WhiteFideId "16212436"]
[BlackFideId "16235274"]
[EventRounds "7"]
[EventType "team-swiss"]
[EventDate "2020.12.29"]

1. e4 {[%emt 0:00:07]} e5 {[%emt 0:00:02]} 2. Nf3 {[%emt 0:00:03]} Nc6 { [%emt
0:00:02]} 3. Bc4 {[%emt 0:00:03]} Bc5 {[%emt 0:00:03]} 4. c3 {[%emt 0:00: 02]}
Nf6 {[%emt 0:00:09]} 5. d3 {[%emt 0:00:01]} d6 {[%emt 0:00:14]} 6. Nbd2 { [%emt
0:00:04]} Be6 {[%emt 0:00:41]} 7. Bb3 {[%emt 0:00:04]} O-O {[%emt 0:00: 05]} 8.
Nf1 {[%emt 0:00:05]} Qd7 {[%emt 0:00:10]} 9. Ng3 {[%emt 0:00:03]} h6 { [%emt
0:00:18]} 10. O-O {[%emt 0:00:04]} Rad8 {[%emt 0:00:15]} 11. Re1 { [%emt
0:00:02]} Bg4 {[%emt 0:00:07]} 12. h3 {[%emt 0:00:04]} Bxh3 {[%emt 0:01: 11]}
13. gxh3 {[%emt 0:01:18]} Qxh3 {[%emt 0:00:05]} 14. Be3 {[%emt 0:00:43]
Halle1-004 : My c1e3 repeat. Landskr1-004 kibitzing!?} Bxe3 {[%emt 0:01:06]}
15. Rxe3 {[%emt 0:00:09]} Ng4 {[%emt 0:00:03]} 16. Re2 {[%emt 0:00:24]} Ne7 {
[%emt 0:00:59]} 17. Qf1 {[%emt 0:00:28]} Qxf1+ {[%emt 0:00:08]} 18. Rxf1 {
[%emt 0:00:05]} Ng6 {[%emt 0:00:08]} 19. Ree1 {[%emt 0:00:28]} Nf4 {[%emt 0:00:
17]} 20. d4 {[%emt 0:00:21]} Nf6 {[%emt 0:00:45]} 21. dxe5 {[%emt 0:00:43]}
dxe5 {[%emt 0:00:03]} 22. Nxe5 {[%emt 0:00:18]} Rd2 {[%emt 0:00:47]} 23. Nc4 {
[%emt 0:00:44]} Rd7 {[%emt 0:00:33]} 24. e5 {[%emt 0:00:29]} Ng4 {[%emt 0:00:
18]} 25. Re4 {[%emt 0:00:46]} g5 {[%emt 0:00:27]} 26. Ne3 {[%emt 0:00:51]} Nxe3
{[%emt 0:00:05]} 27. fxe3 {[%emt 0:00:20]} Ng6 {[%emt 0:00:17]} 28. e6 { [%emt
0:00:11]} fxe6 {[%emt 0:00:07]} 29. Bxe6+ {[%emt 0:00:02]} Kg7 {[%emt 0:
00:03]} 30. Bxd7 {[%emt 0:00:03]} Rd8 {[%emt 0:00:06]} 31. Be6 {[%emt 0:00:08]}
Rf8 {[%emt 0:00:39]} 32. Nh5+ {[%emt 0:00:04]} Kh7 {[%emt 0:00:05]} 33. Rxf8 {
[%emt 0:00:10]} Nxf8 {[%emt 0:00:02]} 34. Bf5+ {[%emt 0:00:03]} Kg8 {[%emt 0:
00:03]} 35. Re7 {[%emt 0:00:11]} Ne6 {[%emt 0:00:07]} 36. Bxe6+ {[%emt 0:00:05]
} Kf8 {[%emt 0:00:02]} 37. Rxc7 {[%emt 0:00:03]} Ke8 {[%emt 0:00:02]} 38. Rxb7
{[%emt 0:00:04]} Kd8 {[%emt 0:00:01]} 39. Nf6 {[%emt 0:00:05]} h5 {[%emt 0:00:
17]} 40. Nd5 {[%emt 0:00:00]} g4 {[%emt 0:00:03]} 41. Rb8# {[%emt 0:00:03]} 1-0

[Event "DSJ Weihnachtsturnier U20w 2020"]
[Site "https://play.chessbase.com/en/play?room=DSJWeihnachtU20w"]
[Date "2020.12.29"]
[Round "2"]
[White "Möller, Lisa-Marie"]
[Black "Ruckes, Lilly"]
[Result "1-0"]
[Termination "normal"]
[Board "5.1"]
[WhiteElo "1900"]
[BlackElo "845"]
[WhiteTeam "Düsseldorfer Schachklub 14/25"]
[BlackTeam "Schachzwerge Magdeburg 2"]
[PlyCount "55"]
[WhiteFideId "12959367"]
[BlackFideId "34600825"]
[EventRounds "7"]
[EventType "team-swiss"]
[EventDate "2020.12.29"]

1. e4 {[%emt 0:00:20]} e5 {[%emt 0:00:03]} 2. Nc3 {[%emt 0:00:03]} Nf6 { [%emt
0:00:07]} 3. f4 {[%emt 0:00:01]} d6 {[%emt 0:00:27]} 4. Nf3 {[%emt 0:00: 23]}
Bg4 {[%emt 0:00:09]} 5. h3 {[%emt 0:00:07]} exf4 {[%emt 0:00:44]} 6. hxg4
{[%emt 0:00:10]} Nxg4 {[%emt 0:00:05]} 7. d4 {[%emt 0:00:08]} d5 {[%emt 0:00:
12]} 8. Nxd5 {[%emt 0:00:07]} Nf6 {[%emt 0:00:30]} 9. Nxf4 {[%emt 0:00:15]}
Bb4+ {[%emt 0:00:09]} 10. c3 {[%emt 0:00:05]} Bd6 {[%emt 0:00:09]} 11. e5 {
[%emt 0:00:02]} Ne4 {[%emt 0:00:14]} 12. exd6 {[%emt 0:00:14]} Qxd6 {[%emt 0:
00:02]} 13. Qe2 {[%emt 0:00:08]} O-O {[%emt 0:00:08]} 14. Qxe4 {[%emt 0:00:03]}
Re8 {[%emt 0:00:07]} 15. Qxe8+ {[%emt 0:00:03]} Qf8 {[%emt 0:00:05]} 16. Qxf8+
{[%emt 0:00:02]} Kxf8 {[%emt 0:00:01]} 17. Rxh7 {[%emt 0:00:03]} Nd7 {[%emt 0:
00:10]} 18. Rh8+ {[%emt 0:00:04]} Ke7 {[%emt 0:00:06]} 19. Rxa8 {[%emt 0:00:02]
} Kf6 {[%emt 0:00:12]} 20. Nd5+ {[%emt 0:00:03]} Ke6 {[%emt 0:00:09]} 21. Nxc7+
{[%emt 0:00:02]} Kf6 {[%emt 0:00:04]} 22. Rxa7 {[%emt 0:00:07]} g6 {[%emt 0:00:
03]} 23. Rxb7 {[%emt 0:00:03]} Nf8 {[%emt 0:00:13]} 24. Nd5+ {[%emt 0:00:03]}
Kg7 {[%emt 0:00:03]} 25. Ne5 {[%emt 0:00:05]} Ne6 {[%emt 0:00:07]} 26. Rxf7+ {
[%emt 0:00:03]} Kg8 {[%emt 0:00:08]} 27. Ne7+ {[%emt 0:00:06]} Kh8 {[%emt 0:00:
04]} 28. N5xg6# {[%emt 0:00:02]} 1-0